Literature Surnames A-Z Quiz Stats

 Plays Quiz Updated Nov 15, 2014

Also try: Literary Surnames
Challenge
Share
Tweet
Embed
Score 0/22 Timer 04:00
4 Plays Today
Letter Surname % Correct
BBaggins
94%
OO'Hara
89.5%
CCaulfield
79.3%
WWatson
74.3%
FFinch
72.3%
VValjean
71.2%
UUmbridge
70.1%
GGloop
70%
LLannister
62.2%
IIngalls
60.1%
HHumbert
56%
Letter Surname % Correct
JJoad
55.7%
DDent
55.3%
QQuimby
43%
YYossarian
42.7%
MMellark
40.8%
TThatcher
35.6%
SSmall
35.4%
EEarnshaw
24.8%
PPrior
15%
RRyder
9.1%
AAriza
4.4%

You're not logged in!

Compare scores with friends on all Sporcle quizzes.
Join for Free
OR
Log In

You Might Also Like...

Show Comments

Extras

Top Quizzes Today


Score Distribution

Your Account Isn't Verified!

In order to create a playlist on Sporcle, you need to verify the email address you used during registration. Go to your Sporcle Settings to finish the process.

Report this User

Report this user for behavior that violates our Community Guidelines.

Details: